000 00535nam a2200193 a 4500
001 1770285653432
003 YourLibrary
005 20260205153745.0
008 260205s1981##################000#0#eng##
020 _a9780521236348
082 0 4 _a333.3CUR
100 1 _aCurrie, J. M.,
_eauthor.
245 1 0 _aThe Economic Theory of Agricultural Land Tenure :
260 _bCambridge University Press,
_c1981.
300 _a218 pages
650 0 _aBusiness & Economics.
942 _cENGLISH
040 _aYourLibrary
_beng
_cYourLibrary
999 _c610526
_d610526